| 000 | 00324nam a22001337a 4500 | ||
|---|---|---|---|
| 020 | _qHB. | ||
| 040 | _cFIZZA ISHAQ | ||
| 082 |
_a551.31 _bRIC |
||
| 100 |
_aKELLY, RICHARD. _991209 |
||
| 245 |
_aCRYOSPHERE AND GLOBAL ENVIRONMENT / _cRICHARD KELLY. |
||
| 260 |
_bDE GRUYTER, _c2003. |
||
| 300 | _a312 P. ; | ||
| 942 |
_2ddc _cBK |
||
| 999 |
_c589372 _d589372 |
||